| 000 | 00398nam a2200157Ia 4500 | ||
|---|---|---|---|
| 999 |
_c14072 _d14072 |
||
| 003 | OSt | ||
| 005 | 20260224160312.0 | ||
| 008 | 260210s9999 xx 000 0 und d | ||
| 020 | _a9780711266797 | ||
| 082 | _a617.9 | ||
| 100 | _aNeil Parkinson | ||
| 245 | 4 | _aThe History of Colour: A Universe of Chromatic Phenomena | |
| 260 |
_b Frances Lincoln _c2023 |
||
| 260 | _c2023 | ||
| 942 |
_cBDES _2ddc |
||